000
00315nam a2200145Ia 4500
100
_a
Chattopadhyay. A.
942
_c
BK
654
_a
Statistics
245
_a
Mathematics & Statistics in Engg & technology
260
_b
Narosa
_c
1999
082
_a
519
_b
CHA
300
_a
225
546
_a
ENGLISH
999
_c
22550
_d
22550